| 000 | 00561nam a2200229Ia 4500 | ||
|---|---|---|---|
| 003 | OSt | ||
| 005 | 20220221150432.0 | ||
| 008 | 210210b1884 xxu||||| |||| 00| 0 eng d | ||
| 040 |
_aAL _c |
||
| 041 | _aeng | ||
| 082 | _a829/1166 | ||
| 100 |
_aTROLLOPE (A) _921390 |
||
| 245 | _aAdventures of huckleberry finn | ||
| 260 |
_aLondon _bT Nelson and Sons _c1884 |
||
| 650 |
_aof _921391 |
||
| 650 |
_ahuckleberry _921392 |
||
| 650 |
_afinn _921393 |
||
| 650 |
_aAdventures _921394 |
||
| 690 |
_aEnglish Fiction _921395 |
||
| 906 | _a017778 | ||
| 942 |
_2ddc _cBK |
||
| 999 |
_c137762 _d137762 |
||